Информатика: учебное пособие

Bibliografiske detaljer
Institution som forfatter: Томский политехнический университет (ТПУ) Институт дистанционного образования (ИДО)
Sprog:russisk
Udgivet: Томск, Изд-во ТПУ, 2007
Udgivelse:3-е изд., перераб. и доп.
Format: MixedMaterials Bog
KOHA link:https://koha.lib.tpu.ru/cgi-bin/koha/opac-detail.pl?biblionumber=122070

MARC

LEADER 00000nam1a2200000 4500
001 122070
005 20250428161522.0
035 |a (RuTPU)RU\TPU\book\132192 
035 |a RU\TPU\book\25062 
090 |a 122070 
100 |a 20070926d2007 m y0rusy50 ca 
101 0 |a rus 
102 |a RU 
200 1 |a Информатика  |e учебное пособие  |f О. Е. Мойзес, А. В. Кравцов  |g Томский политехнический университет (ТПУ), Институт дистанционного образования (ИДО) 
205 |a 3-е изд., перераб. и доп. 
210 |a Томск  |c Изд-во ТПУ  |d 2007 
712 0 2 |a Томский политехнический университет (ТПУ)  |b Институт дистанционного образования (ИДО)  |3 (RuTPU)RU\TPU\col\12625 
801 0 |a RU  |b 63413507  |c 20011209  |g PSBO 
801 2 |a RU  |b 63413507  |c 20120227  |g PSBO 
850 |a 63413507 
942 |c BK